NHL- A Not Very Easy Quiz - Statistics

General Stats
  • This quiz has been taken 2,038 times
    1,992 since last reset
  • The average score is 7 of 16
Answer Stats
Hint Answer % Correct
What 3 things consist of a Gordie Howe Hat Trick? Goal Assist Fight
83%
Ray Bourque made the # 77 famous. However, he initially wore what number upon entering the NHL? 7
76%
As a coach, how many times did a Scotty Bowman team win the Cup? 9
71%
I set the record for a rookie with 76 goals. I am? Teemu Selanne
69%
A Canadian based team hasn't won the Cup since 1992-93 ( heh heh heh ). Which team was it? Montreal Canadiens
67%
He holds the record for most points by an American born player with 1,374. Who is he? Mike Modano
54%
I hold the record of 151 NHL Stanley Cup Playoff wins as a goaltender. I am? Patrick Roy
54%
Who was known as "The Russian Rocket"? Pavel Bure
52%
His nickname is Les Magnifique. Who is he? Mario Lemieux
33%
In the NHL era of the Stanley Cup, which team was the first to hoist it in 1927? Ottawa Senators
32%
This American won 2 Cups and 3 Norris Trophies. Chris Chelios
23%
Who was the head coach when the Rangers won the Cup in 1993-94? Mike Keenan
20%
Who added a stitch to his mask every time he took a puck to the mug ( face )? Gerry Cheevers
16%
Mario Lemieux was drafted by the Penguins from which QMJHL team? Laval Voisins
7%
Wayne Gretzky beat which goalie for his 1st NHL goal? Glen Hanlon
5%
Wayne Gretzky beat which goalie for his last NHL goal? Wade Flaherty
2%
No matching quizzes found
Score Distribution
Percent of People with Each Score
Percentile by Number Answered
Your Score History
You have not taken this quiz since the last reset